01323cam a2200337 a 45000010005000000030006000050050017000110080041000280100017000690200023000860200018001090200023001270400023001500500015001730820011001881000025001992450033002242600041002573000048002984900010003465000073003565040020004295050007004495200386004565210018008425210018008606500032008789060045009109420015009559990015009706270FISKH20250408083042.0081113s2009 ilua j b 001 0 eng  a 2008049209 a9781432927486 (hc) a9781432957957 a9781432927554 (pb) aDLCcDLCdDLCbeng aQB801 .G85 a523.8 1 aGuillain, Charlotte.10aStars /cCharlotte Guillain. aChicago :bHeinemann Library,c2009. a24 pages : bcolor illustrations ; c18 cm 0 aSpace aSpace -- Stars -- Galaxies -- Can you remember? -- Picture glossary. aIncludes index.0 aF  aRead this book to find out about stars and galaxies. Books in this series introduce children to outer space. Each book uses simple, repetitive text to teach children basic vocabulary, and includes stunning photographs and artwork to show the main features of our Solar System. In Stars, children learn what stars are made of, what size and color they can be, and how the Sun is a 8 a300 bLexile 8 aF bRaz-Plus  0aStarsvJuvenile literature. a7bcbccorignewd1eecipf20gy-gencatlg 2ddccBKn0 c6270d6270